000 00555nam a2200181Ia 4500
005 20250317120744.0
008 008 250317s9999 xx 000 0 eng d
037 _aTextbook
040 _aFMSL
_beng
_cFMSL
041 _aeng
_2eng
084 _aSNIobX:8 L1
_qFMSL
100 _aChowdhry K
_9735099
245 0 _aUnderstanding organisational behaviour: cases and concepts
260 _aNew Delhi
_bNew Delhi, Tata McGraw-Hill
_c1971
300 _a670p
942 _cTB
_hSNIobX:8 L1
999 _c1240108
_d1240108